01515nam a2200361Ia 4500001001200000003000800012006001900020007001500039008004100054010001700095020004300112040002100155035002100176050002400197082001200221245014600233260004000379300001500419490007000434504005100504533015200555650003000707650003400737650003500771650002300806655002900829700003400858700002800892710001700920830007100937856012601008999001901134ebr10194153CaPaEBRm u cr cn|||||||||070116s2007 mau sb 001 0 eng d z 2008001896 z9780262026208 (hardcover : alk. paper) aCaPaEBRcCaPaEBR a(OCoLC)18102906814aQ127.E8bA78 2007eb04a50122204aThe artificial and the naturalh[electronic resource] :ban evolving polarity /cedited by Bernadette Bensaude-Vincent and William R. Newman. aCambridge, MA :bMIT Press,cc2007. avi, 331 p.1 aDibner institute studies in the history of science and technology aIncludes bibliographical references and index. aElectronic reproduction.bPalo Alto, Calif. :cebrary,d2009.nAvailable via World Wide Web.nAccess may be limited to ebrary affiliated libraries. 0aSciencezEuropexHistory. 0aSciencexPhilosophyxHistory. 0aPhilosophy, EuropeanxHistory. 0aScience, Medieval. 7aElectronic books.2local1 aBensaude-Vincent, Bernadette.1 aNewman, William Royall.2 aebrary, Inc. 0aDibner Institute studies in the history of science and technology.40uhttp://site.ebrary.com/lib/rucke/Doc?id=10194153zAn electronic book accessible through the World Wide Web; click to view c221303d221303